Sejarah Johor : kaitannya dengan Negeri Melayu
| Main Author: | |
|---|---|
| Format: | Book |
| Published: |
Kuala Lumpur :
Penerbit Fajar Bakti Sdn.Bhd. ,
1995
|
| Subjects: |
MARC
| LEADER | 00000cam a2200000 7i4500 | ||
|---|---|---|---|
| 001 | 0000016003 | ||
| 002 | 000017474 | ||
| 005 | 20000330.0 | ||
| 020 | |a 9676531693 | ||
| 090 | 0 | 0 | |a 959.503 |b SHA |
| 100 | 0 | |a Shaharom Husain | |
| 245 | 1 | 0 | |a Sejarah Johor : |b kaitannya dengan Negeri Melayu |c Shaharom Husain |
| 260 | |a Kuala Lumpur : |b Penerbit Fajar Bakti Sdn.Bhd. , |c 1995 | ||
| 300 | |a 176p. ; |c 23cm. | ||
| 650 | 0 | 0 | |a Johor |x History |
| 999 | |a 058197 |b BUKU |c MALAYSIANA |e PERPUSTAKAAN KOMUNITI PETALING JAYA | ||